000 00390nam a22001697a 4500
005 20160429142122.0
008 160429b xxu||||| |||| 00| 0 eng d
020 _a81-7446542-1
041 _aeng
082 _b00897
100 _aKazmi SHH
_9252
245 _aMarketing Management
260 _aNew Delhi
_bExcel Books,
_c2007
300 _a699
650 _aManagement
_9241
942 _cBK
999 _c290
_d290